[Event "BL 2324 (Women)"]
[Site "Germany"]
[Date "2023.10.14"]
[Round "1.6"]
[White "Basovskiy, Jana"]
[Black "Schuster, Rebekka"]
[Result "1-0"]
[WhiteElo "1846"]
[BlackElo "1807"]
[PlyCount "71"]
[EventDate "2023.10.14"]
[EventType "team-tourn"]
[EventRounds "11"]
[EventCountry "GER"]
[SourceTitle "CB48_2023"]
[SourceDate "2023.11.29"]
[SourceVersion "1"]
[SourceVersionDate "2023.11.29"]
[SourceQuality "1"]
[WhiteTeam "Karlsruhe (W)"]
[BlackTeam "Loeberitz (W)"]
[WhiteTeamCountry "GER"]
[BlackTeamCountry "GER"]

1. e4 e6 2. d3 d5 3. Nd2 Nf6 4. g3 c5 5. Bg2 Nc6 6. Ngf3 Be7 7. 0-0 0-0 8. Re1 Qc7 9. c3 b5 10. a3 a5 11. Qe2 Bb7 12. e5 Nd7 13. Nf1 b4 14. h4 h6 15. g4 g5 16. hxg5 hxg5 17. Ng3 Kh8 18. d4 Rg8 19. Be3 Rab8 20. Qd2 Qd8 21. Kh2 Rg6 22. Rh1 bxc3 23. bxc3 cxd4 24. cxd4 Nf8 25. Kg1+ Nh7 26. Nh5 f5 27. exf6 Bxf6 28. Nxf6 Qxf6 29. Nxg5 Rg7 30. Rh6 Qe7 31. Nxe6 Rf7 32. Ng5 Rg7 33. Bxd5 Nd8 34. Bxb7 Nxb7 35. Bf4 Rbg8 36. Be5 1-0

[Event "World-chT Rapid"]
[Site "Dusseldorf"]
[Date "2023.08.27"]
[Round "5.16"]
[White "Schuster, Rebekka"]
[Black "Thomas, Andreas"]
[Result "0-1"]
[WhiteElo "1807"]
[BlackElo "1686"]
[PlyCount "56"]
[EventDate "2023.08.26"]
[EventType "team-swiss (rapid)"]
[EventRounds "12"]
[EventCountry "GER"]
[SourceTitle "CBM 215 Extra"]
[Source "ChessBase"]
[SourceDate "2023.09.30"]
[SourceVersion "1"]
[SourceVersionDate "2023.09.30"]
[SourceQuality "1"]
[WhiteTeam "Magdeburg and Friends"]
[BlackTeam "Neustadt Weinstrasse"]
[WhiteTeamCountry "GER"]
[BlackTeamCountry "GER"]

1. e4 e6 2. d4 b6 3. Nc3 Bb7 4. Bd3 Bb4 5. Nge2 d5 6. e5 Ba6 7. a3 Bf8 8. 0-0 Bxd3 9. Qxd3 Ne7 10. Ng3 Qd7 11. f4 g6 12. Nce2 h5 13. Rd1 h4 14. Nf1 Nf5 15. b3 c5 16. c3 Nc6 17. Ne3 Rc8 18. Ng4 Be7 19. Kh1 Na5 20. Rb1 Nxb3 21. c4 Nbxd4 22. cxd5 Qxd5 23. Nxd4 cxd4 24. Bb2 h3 25. Qf3 hxg2+ 26. Qxg2 Qxg2+ 27. Kxg2 Rc2+ 28. Kf3 Rh3+ 0-1

[Event "GER-ch blitz (Women)"]
[Site "Magdeburg"]
[Date "2022.08.13"]
[Round "18"]
[White "Fock, Sana"]
[Black "Schuster, Rebekka"]
[Result "1/2-1/2"]
[WhiteElo "1681"]
[BlackElo "1815"]
[PlyCount "72"]
[EventDate "2022.08.13"]
[EventType "tourn (blitz)"]
[EventRounds "23"]
[EventCountry "GER"]
[SourceTitle "CBM 209 Extra"]
[Source "ChessBase"]
[SourceDate "2022.09.30"]
[SourceVersion "1"]
[SourceVersionDate "2022.09.30"]
[SourceQuality "1"]

1. e4 e6 2. d4 d5 3. Nd2 Nf6 4. e5 Nfd7 5. Bd3 c5 6. c3 Nc6 7. Ne2 Be7 8. 0-0 0-0 9. Nf3 f6 10. exf6 Nxf6 11. Re1 Bd6 12. Bf4 Re8 13. dxc5 Bxc5 14. Ne5 Bd6 15. Nd4 Qc7 16. Ndxc6 bxc6 17. Bg3 c5 18. Rc1 c4 19. Bb1 Nd7 20. Qh5 Nf6 21. Qh4 Rb8 22. Ng4 Bxg3 23. hxg3 Qe7 24. Nxf6+ gxf6 25. Qg4+ Qg7 26. Qxg7+ Kxg7 27. Re2 Bd7 28. Rd1 Rbd8 29. b3 cxb3 30. axb3 Rc8 31. c4 Bc6 32. cxd5 Bxd5 33. b4 Rb8 34. Rd4 Rec8 35. Kh2 Rc4 36. Rxc4 Bxc4 1/2-1/2

[Event "GER-ch blitz (Women)"]
[Site "Magdeburg"]
[Date "2022.08.13"]
[Round "10"]
[White "Kunze, Kerstin"]
[Black "Schuster, Rebekka"]
[Result "0-1"]
[WhiteElo "2020"]
[BlackElo "1815"]
[PlyCount "113"]
[EventDate "2022.08.13"]
[EventType "tourn (blitz)"]
[EventRounds "23"]
[EventCountry "GER"]
[SourceTitle "CBM 209 Extra"]
[Source "ChessBase"]
[SourceDate "2022.09.30"]
[SourceVersion "1"]
[SourceVersionDate "2022.09.30"]
[SourceQuality "1"]

1. e4 e6 2. d4 d5 3. Nc3 Nf6 4. exd5 exd5 5. Bd3 Bd6 6. Nge2 c6 7. Bg5 0-0 8. Qd2 Bg4 9. f3 Bh5 10. 0-0-0 Nbd7 11. Ng3 Bg6 12. Nf5 Bc7 13. h4 h6 14. Bxh6 gxh6 15. Qxh6 Bxf5 16. Bxf5 Re8 17. h5 Qe7 18. Qg5+ Kh8 19. Rde1 Qf8 20. h6 Qg8 21. Qh4 Bg3 22. Rxe8 Rxe8 23. Qh3 Qg5+ 24. Kb1 Nf8 25. Nd1 N8h7 26. Rf1 Qh4 27. Qxh4 Bxh4 28. a3 Bg5 29. Nf2 Be3 30. Nh3 Bxh6 31. Rh1 Bg7 32. Ng5 Kg8 33. Bxh7+ Nxh7 34. Nxh7 Re3 35. Rf1 Kxh7 36. f4 Kg6 37. c3 f6 38. Rf2 Re4 39. Kc2 Bh6 40. f5+ Kg5 41. Re2 Rf4 42. Re7 Rxf5 43. Rxb7 Rf2+ 44. Kd3 Kf5 45. b4 Rf3+ 46. Kc2 Rf2+ 47. Kb3 Ke4 48. Rxa7 f5 49. Rh7 Bd2 50. Re7+ Kd3 51. a4 f4 52. a5 f3 53. Rf7 Rf1 54. a6 Ra1 55. Rxf3+ Ke2 56. Rf6 Bh6 57. Rxh6 0-1

[Event "GER-ch blitz (Women)"]
[Site "Magdeburg"]
[Date "2022.08.13"]
[Round "17"]
[White "Schuster, Rebekka"]
[Black "Heil, Marina"]
[Result "0-1"]
[WhiteElo "1815"]
[BlackElo "1926"]
[PlyCount "42"]
[EventDate "2022.08.13"]
[EventType "tourn (blitz)"]
[EventRounds "23"]
[EventCountry "GER"]
[SourceTitle "CBM 209 Extra"]
[Source "ChessBase"]
[SourceDate "2022.09.30"]
[SourceVersion "1"]
[SourceVersionDate "2022.09.30"]
[SourceQuality "1"]

1. e4 d6 2. d4 Nf6 3. Nc3 Nbd7 4. Be3 e5 5. f3 Be7 6. Qd2 h6 7. 0-0-0 c6 8. d5 Qc7 9. g4 a6 10. h4 b5 11. dxc6 Qxc6 12. Nh3 Nb6 13. g5 hxg5 14. hxg5 Nfd7 15. Nd5 Nc4 16. Qg2 Ndb6 17. Be2 Nxd5 18. exd5 Qc7 19. Bd3 Nxe3 20. Qe2 Nxd1 21. Rxd1 Rxh3 0-1

[Event "GER-ch blitz (Women)"]
[Site "Magdeburg"]
[Date "2022.08.13"]
[Round "13"]
[White "Schuster, Rebekka"]
[Black "Stangl, Anita"]
[Result "0-1"]
[WhiteElo "1815"]
[BlackElo "2033"]
[PlyCount "42"]
[EventDate "2022.08.13"]
[EventType "tourn (blitz)"]
[EventRounds "23"]
[EventCountry "GER"]
[SourceTitle "CBM 209 Extra"]
[Source "ChessBase"]
[SourceDate "2022.09.30"]
[SourceVersion "1"]
[SourceVersionDate "2022.09.30"]
[SourceQuality "1"]

1. e4 e6 2. d4 d5 3. exd5 exd5 4. Bd3 Nc6 5. c3 Bd6 6. Ne2 Nge7 7. 0-0 Bg4 8. f3 Bh5 9. Bf4 Bg6 10. Bg5 f6 11. Bh4 Qd7 12. Qc2 0-0-0 13. b4 Rde8 14. a4 Nf5 15. Bf2 Ne3 16. Bxe3 Rxe3 17. Bxg6 hxg6 18. Ng3 f5 19. Na3 Qe7 20. Nb5 Bf4 21. Qf2 Qh4 0-1

[Event "GER-ch blitz (Women)"]
[Site "Magdeburg"]
[Date "2022.08.13"]
[Round "8"]
[White "Skibbe, Diana"]
[Black "Schuster, Rebekka"]
[Result "1/2-1/2"]
[WhiteElo "2004"]
[BlackElo "1815"]
[PlyCount "38"]
[EventDate "2022.08.13"]
[EventType "tourn (blitz)"]
[EventRounds "23"]
[EventCountry "GER"]
[SourceTitle "CBM 209 Extra"]
[Source "ChessBase"]
[SourceDate "2022.09.30"]
[SourceVersion "1"]
[SourceVersionDate "2022.09.30"]
[SourceQuality "1"]

1. e4 e6 2. d4 d5 3. Nc3 Nf6 4. e5 Nfd7 5. f4 c5 6. Nf3 a6 7. a4 Nc6 8. Ne2 cxd4 9. Nexd4 Bc5 10. c3 0-0 11. Bd3 f6 12. Nxe6 Qe7 13. Bxh7+ Kxh7 14. Nfg5+ fxg5 15. Qh5+ Kg8 16. Nxg5 Nf6 17. Qe2 Nd7 18. Qh5 Nf6 19. Qe2 Nd7 1/2-1/2

[Event "BL 2122 (Women)"]
[Site "Germany"]
[Date "2022.05.29"]
[Round "11.6"]
[White "Genova, Liubka"]
[Black "Schuster, Rebekka"]
[Result "1-0"]
[WhiteElo "2225"]
[BlackElo "1830"]
[PlyCount "45"]
[EventDate "2021.11.27"]
[EventType "team-tourn"]
[EventRounds "11"]
[EventCountry "GER"]
[SourceTitle "EXT 2023"]
[Source "ChessBase"]
[SourceDate "2022.10.05"]
[SourceVersion "1"]
[SourceVersionDate "2022.10.05"]
[SourceQuality "1"]
[WhiteTeam "Hamburger SK (W)"]
[BlackTeam "Loeberitz (W)"]
[WhiteTeamCountry "GER"]
[BlackTeamCountry "GER"]

1. e4 e6 2. d3 d5 3. Qe2 Nf6 4. Nf3 Be7 5. g3 c5 6. Bg2 Nc6 7. 0-0 b6 8. e5 Nd7 9. c4 dxc4 10. dxc4 Bb7 11. Rd1 Qc7 12. Nc3 a6 13. h4 0-0-0 14. Bf4 h6 15. Ne4 Ndxe5 16. Nxe5 Nxe5 17. Nxc5 Qxc5 18. b4 Nf3+ 19. Bxf3 Qf5 20. Bxb7+ Kxb7 21. Qf3+ Ka7 22. Qc6 Bf6 23. Be3 1-0

[Event "BL 2122 (Women)"]
[Site "Germany"]
[Date "2021.11.27"]
[Round "1.6"]
[White "Schuster, Rebekka"]
[Black "Gromova, Iulia"]
[Result "0-1"]
[WhiteElo "1830"]
[BlackElo "2236"]
[PlyCount "94"]
[EventDate "2021.11.27"]
[EventType "team-tourn"]
[EventRounds "11"]
[EventCountry "GER"]
[SourceTitle "EXT 2023"]
[Source "ChessBase"]
[SourceDate "2022.10.05"]
[SourceVersion "1"]
[SourceVersionDate "2022.10.05"]
[SourceQuality "1"]
[WhiteTeam "Loeberitz (W)"]
[BlackTeam "Bad Koenigshofen (W)"]
[WhiteTeamCountry "GER"]
[BlackTeamCountry "GER"]

1. e4 c6 2. d4 d5 3. Nc3 dxe4 4. Nxe4 Bf5 5. Ng3 Bg6 6. h4 h6 7. h5 Bh7 8. Nf3 Nf6 9. Bd3 Bxd3 10. Qxd3 e6 11. Bd2 Nbd7 12. 0-0-0 Qc7 13. c4 0-0-0 14. Ne4 Nxe4 15. Qxe4 Nf6 16. Qe2 Bd6 17. g3 c5 18. Bc3 cxd4 19. Nxd4 a6 20. Kb1 Qc5 21. g4 Qe5 22. f3 Qxe2 23. Nxe2 Bc7 24. Kc2 Rhg8 25. Rxd8+ Kxd8 26. Rd1+ Kc8 27. Nd4 Nd7 28. b4 Be5 29. Re1 Bf6 30. Nb3 Nb6 31. Nd2 Kd7 32. Kb3 Rc8 33. Bxf6 gxf6 34. a4 Ke7 35. a5 Nd7 36. c5 Ne5 37. Re3 Rd8 38. Ne4 Rd4 39. Ka3 Nc6 40. b5 axb5 41. Nd6 Ra4+ 42. Kb2 Nxa5 43. Ra3 Nc4+ 44. Nxc4 Rxc4 45. Ra7 Rxc5 46. Rxb7+ Kf8 47. Rb8+ Kg7 0-1

[Event "BL2 Ost 1819 (Women)"]
[Site "Germany"]
[Date "2019.01.13"]
[Round "7.5"]
[White "Wagner, Margarethe"]
[Black "Schuster, Rebekka"]
[Result "1/2-1/2"]
[WhiteElo "1693"]
[BlackElo "1822"]
[PlyCount "91"]
[EventDate "2018.10.27"]
[EventType "team-tourn"]
[EventRounds "7"]
[EventCountry "GER"]
[SourceTitle "CBM 190 Extra"]
[Source "ChessBase"]
[SourceDate "2019.07.15"]
[SourceVersion "1"]
[SourceVersionDate "2019.07.15"]
[SourceQuality "1"]
[WhiteTeam "Zeulenroda Rochade (W)"]
[BlackTeam "Loeberitz (W)"]
[WhiteTeamCountry "GER"]
[BlackTeamCountry "GER"]

1. e4 e6 2. d4 d5 3. e5 c5 4. c3 Nc6 5. Nf3 Nge7 6. Bd3 Qb6 7. a3 cxd4 8. cxd4 Nf5 9. Bxf5 exf5 10. Nc3 Be6 11. 0-0 Be7 12. b4 0-0 13. Be3 f6 14. Re1 Rad8 15. Ne2 a5 16. Nf4 Bf7 17. e6 Be8 18. bxa5 Nxa5 19. Qd3 g5 20. Rab1 Qc6 21. Ne2 f4 22. Rec1 Qxe6 23. Qc3 Nc4 24. Bd2 Bxa3 25. Re1 Qc6 26. Qb3 b5 27. Bb4 Bxb4 28. Qxb4 Rb8 29. Nc3 Rf7 30. Na4 Ra7 31. Nc5 Rba8 32. Re6 Qc7 33. Rxf6 Qd8 34. Rf5 Bg6 35. Rxg5 Kh8 36. Re1 Ra1 37. Ne6 Rxe1+ 38. Qxe1 Qf6 39. Nc5 Re8 40. Qc1 Be4 41. Nd7 Qe7 42. Nde5 Qf6 43. Nd7 Qe7 44. Nde5 Bxf3 45. Nxf3 Qe4 46. Rg4 1/2-1/2

[Event "BL2 Ost 1819 (Women)"]
[Site "Germany"]
[Date "2018.11.18"]
[Round "4.5"]
[White "Schuster, Rebekka"]
[Black "Spangenberg, Pia"]
[Result "0-1"]
[WhiteElo "1822"]
[BlackElo "1779"]
[PlyCount "86"]
[EventDate "2018.10.27"]
[EventType "team-tourn"]
[EventRounds "7"]
[EventCountry "GER"]
[SourceTitle "CBM 190 Extra"]
[Source "ChessBase"]
[SourceDate "2019.07.15"]
[SourceVersion "1"]
[SourceVersionDate "2019.07.15"]
[SourceQuality "1"]
[WhiteTeam "Loeberitz (W)"]
[BlackTeam "Leipzig Lindenau (W)"]
[WhiteTeamCountry "GER"]
[BlackTeamCountry "GER"]

1. e4 d5 2. exd5 Nf6 3. d4 Nxd5 4. c4 Nb6 5. Nc3 Nc6 6. Be3 Bf5 7. Nf3 e5 8. Nxe5 Nxe5 9. dxe5 Qxd1+ 10. Rxd1 Bb4 11. Bd2 0-0-0 12. Nd5 Bxd2+ 13. Rxd2 Rhe8 14. Nxb6+ axb6 15. Rxd8+ Kxd8 16. Kd2 Rxe5 17. Bd3 b5 18. Rc1 Bxd3 19. Kxd3 Rc5 20. Rc3 Rf5 21. Ke3 bxc4 22. Rxc4 c6 23. Rd4+ Ke7 24. Rf4 Rxf4 25. Kxf4 Kd6 26. Ke4 Kc5 27. Ke5 b5 28. f4 Kb4 29. Kd6 c5 30. a3+ Kc4 31. b3+ Kd4 32. a4 bxa4 33. bxa4 c4 34. a5 c3 35. a6 c2 36. a7 c1Q 37. a8Q Qxf4+ 38. Ke7 Qf6+ 39. Kd7 Qe6+ 40. Kc7 Qe7+ 41. Kb6 Qc5+ 42. Ka6 Qa3+ 43. Kb7 Qxa8+ 0-1

[Event "Sachsen-Anhalt Verbandsliga 18/19"]
[Site "Sachsen Anhalt"]
[Date "2018.11.11"]
[Round "2.8"]
[White "Schneider, Jens Erik"]
[Black "Schuster, Rebekka"]
[Result "1-0"]
[WhiteElo "2026"]
[BlackElo "1822"]
[PlyCount "97"]
[EventDate "2018.10.21"]
[EventType "team-tourn"]
[EventRounds "9"]
[EventCountry "GER"]
[SourceTitle "EXT 2022"]
[Source "ChessBase"]
[SourceDate "2021.10.06"]
[SourceVersion "1"]
[SourceVersionDate "2021.10.06"]
[SourceQuality "1"]
[WhiteTeam "Dessau"]
[BlackTeam "Loeberitz II"]
[WhiteTeamCountry "GER"]
[BlackTeamCountry "GER"]

1. d4 e6 2. c4 f5 3. Nc3 Nf6 4. e3 d6 5. a3 a5 6. Bd2 Be7 7. f4 0-0 8. Nf3 Nbd7 9. Bd3 Qe8 10. 0-0 Bd8 11. Qc2 Qh5 12. Be2 Qg6 13. b4 b6 14. Ng5 Re8 15. Bf3 Rb8 16. bxa5 bxa5 17. Nb5 h6 18. Nh3 Ne4 19. Bxa5 c6 20. Bxe4 cxb5 21. Bxd8 fxe4 22. Bc7 Rb7 23. Bxd6 bxc4 24. Qxc4 Nf6 25. f5 Qf7 26. Rab1 Rxb1 27. Rxb1 Nd5 28. Rb8 Nxe3 29. Qc1 Nxf5 30. Rxc8 Nxd6 31. Rxe8+ Qxe8 32. Qc5 Nf5 33. Nf4 Qd7 34. Ne2 Kf7 35. g3 Qa4 36. Qc7+ Kf6 37. Qe5+ Kf7 38. Qxe4 Qxa3 39. g4 Qe3+ 40. Qxe3 Nxe3 41. h3 Kf6 42. Kf2 Nd5 43. Kf3 Nb4 44. h4 e5 45. Ke4 exd4 46. Nxd4 g6 47. Nf3 g5 48. h5 Nc2 49. Nd4 1-0

[Event "BL2 Ost 1718 (Women)"]
[Site "Germany"]
[Date "2017.10.15"]
[Round "2.5"]
[White "Wagner, Victoria"]
[Black "Schuster, Rebekka"]
[Result "1-0"]
[WhiteElo "1489"]
[BlackElo "1836"]
[PlyCount "97"]
[EventDate "2017.10.14"]
[EventType "team-tourn"]
[EventRounds "7"]
[EventCountry "GER"]
[SourceTitle "EXT 2019"]
[Source "ChessBase"]
[SourceDate "2018.10.10"]
[SourceVersion "1"]
[SourceVersionDate "2018.10.10"]
[SourceQuality "1"]
[WhiteTeam "Zeulenroda (W)"]
[BlackTeam "Loeberitz (W)"]
[WhiteTeamCountry "GER"]
[BlackTeamCountry "GER"]

1. e4 e6 2. Nf3 d5 3. e5 c5 4. b4 cxb4 5. a3 Nc6 6. axb4 Bxb4 7. c3 Ba5 8. d4 f6 9. exf6 Nxf6 10. Bg5 0-0 11. Bd3 Qd6 12. 0-0 Bc7 13. Na3 Qe7 14. Qc2 Qf7 15. Rfe1 Qh5 16. h3 e5 17. dxe5 Nxe5 18. Nxe5 Qxg5 19. Nf3 Qh5 20. Be2 Ne4 21. Bd1 Qg6 22. Kf1 Bb6 23. Qa2 Nxc3 24. Qb3 Qf6 25. Rc1 Ba5 26. Re3 Qa6+ 27. Kg1 Nxd1 28. Qxd5+ Kh8 29. Qxd1 Qg6 30. Rc5 Bb6 31. Rg5 Qf6 32. Rd3 Bf5 33. Rd6 Qb2 34. Nc4 Qxf2+ 35. Kh1 Bc7 36. Qa1 Rf7 37. Nce5 Re7 38. Rxf5 Bxd6 39. Nf7+ Rxf7 40. Rxf7 Qg3 41. Rxb7 a5 42. Qg1 Bb4 43. Qd4 Rc8 44. Rd7 Rc1+ 45. Ng1 h6 46. Rd8+ Kh7 47. Qe4+ g6 48. Rd7+ Kg8 49. Qe6+ 1-0

[Event "BL2 Ost 1718 (Women)"]
[Site "Germany"]
[Date "2017.10.14"]
[Round "1.4"]
[White "Nitzsche, Pia"]
[Black "Schuster, Rebekka"]
[Result "1/2-1/2"]
[WhiteElo "1691"]
[BlackElo "1836"]
[PlyCount "73"]
[EventDate "2017.10.14"]
[EventType "team-tourn"]
[EventRounds "7"]
[EventCountry "GER"]
[SourceTitle "EXT 2019"]
[Source "ChessBase"]
[SourceDate "2018.10.10"]
[SourceVersion "1"]
[SourceVersionDate "2018.10.10"]
[SourceQuality "1"]
[WhiteTeam "Chemnitz Aufbau (W)"]
[BlackTeam "Loeberitz (W)"]
[WhiteTeamCountry "GER"]
[BlackTeamCountry "GER"]

1. c4 e6 2. Nf3 f5 3. Nc3 Nf6 4. g3 Be7 5. Bg2 0-0 6. 0-0 d6 7. d4 Nc6 8. a3 a5 9. e3 Qe8 10. Qc2 Qh5 11. e4 e5 12. dxe5 dxe5 13. Bg5 Nd4 14. Nxd4 exd4 15. Bxf6 Bxf6 16. Nd5 c5 17. Qd3 fxe4 18. Bxe4 Bh3 19. Rfe1 Bg4 20. Nf4 Qh6 21. Rab1 Rab8 22. b4 axb4 23. axb4 b6 24. Bd5+ Kh8 25. Ne6 Bxe6 26. Rxe6 Rfe8 27. Qe4 Qg6 28. Qxg6 hxg6 29. bxc5 bxc5 30. Rbb6 Rxb6 31. Rxe8+ Kh7 32. f4 Rb1+ 33. Kf2 Rb2+ 34. Kf3 d3 35. Bg8+ Kh6 36. Bd5 Kh7 37. Bg8+ 1/2-1/2

[Event "BL2 Ost 1617 (Women)"]
[Site "Germany"]
[Date "2017.02.12"]
[Round "5.6"]
[White "Walow, Xenia"]
[Black "Schuster, Rebekka"]
[Result "0-1"]
[WhiteElo "1627"]
[BlackElo "1826"]
[PlyCount "44"]
[EventDate "2016.10.22"]
[EventType "team-tourn"]
[EventRounds "7"]
[EventCountry "GER"]
[SourceTitle "EXT 2018"]
[Source "ChessBase"]
[SourceDate "2017.10.13"]
[SourceVersion "1"]
[SourceVersionDate "2017.10.13"]
[SourceQuality "1"]
[WhiteTeam "Paderborn (W)"]
[BlackTeam "Zoerbig Loeberitz (W)"]
[WhiteTeamCountry "GER"]
[BlackTeamCountry "GER"]

1. d4 e6 2. Bf4 f5 3. e3 Nf6 4. Nf3 Be7 5. Bd3 0-0 6. 0-0 d6 7. c4 b6 8. Qb3 Bb7 9. Be2 Qe8 10. Nc3 Kh8 11. c5 Nd5 12. cxd6 cxd6 13. Bg3 Qg6 14. Nb5 f4 15. Bxf4 Nxf4 16. exf4 Rxf4 17. Nc7 Nc6 18. Nxa8 Nxd4 19. Qd1 Nxe2+ 20. Kh1 Rxf3 21. Qxe2 Re3 22. Qf3 Rxf3 0-1

[Event "BL2 Ost 1516 (Women)"]
[Site "Germany"]
[Date "2016.02.27"]
[Round "6.6"]
[White "Schuster, Rebekka"]
[Black "Frehde, Regina"]
[Result "1/2-1/2"]
[WhiteElo "1824"]
[BlackElo "1483"]
[PlyCount "44"]
[EventDate "2015.09.26"]
[EventType "team-tourn"]
[EventRounds "7"]
[EventCountry "GER"]
[SourceTitle "EXT 2017"]
[Source "ChessBase"]
[SourceDate "2016.10.25"]
[SourceVersion "1"]
[SourceVersionDate "2016.10.25"]
[SourceQuality "1"]
[WhiteTeam "Loeberitz (W)"]
[BlackTeam "Potsdam (W)"]
[WhiteTeamCountry "GER"]
[BlackTeamCountry "GER"]

1. e4 e6 2. d4 d6 3. Be3 Be7 4. Nc3 Nf6 5. Bd3 Nbd7 6. Qd2 Ng4 7. f4 Nxe3 8. Qxe3 e5 9. Nf3 exd4 10. Nxd4 Bf6 11. 0-0-0 Nc5 12. Be2 Bd7 13. Kb1 0-0 14. g4 Bxd4 15. Qxd4 Bc6 16. Rhe1 Ne6 17. Qe3 Qf6 18. Rf1 Rfe8 19. g5 Qe7 20. e5 dxe5 21. Qxe5 Nf8 22. Qxe7 Rxe7 1/2-1/2

[Event "BL2 Ost 1516 (Women)"]
[Site "Germany"]
[Date "2015.12.05"]
[Round "3.3"]
[White "Schuster, Rebekka"]
[Black "Halas, Julia"]
[Result "0-1"]
[WhiteElo "1824"]
[BlackElo "1780"]
[PlyCount "64"]
[EventDate "2015.09.26"]
[EventType "team-tourn"]
[EventRounds "7"]
[EventCountry "GER"]
[SourceTitle "EXT 2017"]
[Source "ChessBase"]
[SourceDate "2016.10.25"]
[SourceVersion "1"]
[SourceVersionDate "2016.10.25"]
[SourceQuality "1"]
[WhiteTeam "Loeberitz (W)"]
[BlackTeam "Leipzig SG (W)"]
[WhiteTeamCountry "GER"]
[BlackTeamCountry "GER"]

1. e4 e6 2. d4 d5 3. exd5 exd5 4. Bd3 Bd6 5. Ne2 Ne7 6. Bg5 h6 7. Bh4 Be6 8. Nbc3 c6 9. Qd2 Qc7 10. Bg3 g5 11. 0-0-0 Nd7 12. Bxd6 Qxd6 13. f4 g4 14. Rdf1 f5 15. h3 Nf6 16. hxg4 Nxg4 17. Ng3 0-0-0 18. Qe2 Nf6 19. Nh5 Ne4 20. Nd1 Rhg8 21. Ne3 Rdf8 22. Rh3 Bf7 23. Bxe4 dxe4 24. Ng3 Bxa2 25. Qh5 Qxd4 26. Nexf5 Nxf5 27. Nxf5 Qc5 28. Nxh6 Qc4 29. Rf2 Rxg2 30. Rxg2 Qf1+ 31. Qd1 Qxg2 32. Ra3 Rxf4 0-1

[Event "Oberliga Ost-A 1415"]
[Site "Germany"]
[Date "2015.04.12"]
[Round "11.8"]
[White "Schuster, Rebekka"]
[Black "Pfeiffer, Alfred"]
[Result "1/2-1/2"]
[WhiteElo "1837"]
[BlackElo "2074"]
[PlyCount "62"]
[EventDate "2014.09.21"]
[EventType "team-tourn"]
[EventRounds "11"]
[EventCountry "GER"]
[SourceTitle "EXT 2016"]
[Source "ChessBase"]
[SourceDate "2015.10.08"]
[SourceVersion "1"]
[SourceVersionDate "2015.10.08"]
[SourceQuality "1"]
[WhiteTeam "Loeberitz"]
[BlackTeam "Chemnitz USG"]
[WhiteTeamCountry "GER"]
[BlackTeamCountry "GER"]

1. e4 e5 2. Nf3 Nc6 3. Bc4 Nf6 4. d4 exd4 5. e5 d5 6. Bb5 Ne4 7. Nxd4 Bd7 8. Bxc6 bxc6 9. 0-0 Bc5 10. Be3 Bb6 11. c3 Qe7 12. f4 0-0 13. Nd2 Nxd2 14. Qxd2 f6 15. Nf3 Bg4 16. Bxb6 axb6 17. exf6 Rxf6 18. Ne5 Bf5 19. a3 Be4 20. Rae1 Raf8 21. g3 Qe6 22. Qe2 Qh3 23. Rf2 Rh6 24. Qg4 Qxg4 25. Nxg4 Rd6 26. Ne5 Re8 27. Rfe2 Rde6 28. Rf2 Bf5 29. Ref1 c5 30. Rd2 c6 31. g4 Be4 1/2-1/2

[Event "Oberliga Ost-A 1415"]
[Site "Germany"]
[Date "2015.04.11"]
[Round "10.8"]
[White "Hentze, Markus"]
[Black "Schuster, Rebekka"]
[Result "1-0"]
[WhiteElo "2086"]
[BlackElo "1837"]
[PlyCount "83"]
[EventDate "2014.09.21"]
[EventType "team-tourn"]
[EventRounds "11"]
[EventCountry "GER"]
[SourceTitle "EXT 2016"]
[Source "ChessBase"]
[SourceDate "2015.10.08"]
[SourceVersion "1"]
[SourceVersionDate "2015.10.08"]
[SourceQuality "1"]
[WhiteTeam "Leipzig SG II"]
[BlackTeam "Loeberitz"]
[WhiteTeamCountry "GER"]
[BlackTeamCountry "GER"]

1. e4 e6 2. d4 d5 3. Nc3 Nf6 4. exd5 exd5 5. Bd3 Bd6 6. Bg5 c6 7. Qf3 Nbd7 8. Nge2 0-0 9. 0-0 Qc7 10. h3 h6 11. Bh4 b5 12. Bg3 a5 13. Bxd6 Qxd6 14. Ng3 Nb6 15. b3 Re8 16. a4 bxa4 17. Nxa4 Nxa4 18. Rxa4 Bd7 19. Rfa1 Qc7 20. b4 c5 21. Rxa5 Rxa5 22. bxa5 c4 23. Be2 Ra8 24. Qc3 Ne8 25. Bf3 Be6 26. Ne2 Nd6 27. Qb4 Ra6 28. Nc3 Qc6 29. Rb1 Nc8 30. Qb5 Ne7 31. Qxc6 Nxc6 32. Rb6 Rxb6 33. axb6 Nxd4 34. b7 Nc6 35. Nxd5 Bxd5 36. Bxd5 Nb8 37. Bxc4 Kf8 38. Bd5 Ke7 39. c4 f6 40. c5 Kd7 41. g3 Kc7 42. c6 1-0

[Event "BL2 Ost 1415 (Women)"]
[Site "Germany"]
[Date "2014.11.30"]
[Round "4.4"]
[White "Schuster, Rebekka"]
[Black "Uhlendorf, Kristina"]
[Result "1/2-1/2"]
[WhiteElo "1837"]
[BlackElo "2084"]
[PlyCount "86"]
[EventDate "2014.09.27"]
[EventType "team-tourn"]
[EventRounds "7"]
[EventCountry "GER"]
[SourceTitle "CBM 166 Extra"]
[Source "ChessBase"]
[SourceDate "2015.06.18"]
[SourceVersion "1"]
[SourceVersionDate "2015.06.18"]
[SourceQuality "1"]
[WhiteTeam "Loeberitz (W)"]
[BlackTeam "Zeulenroda (W)"]
[WhiteTeamCountry "GER"]
[BlackTeamCountry "GER"]

1. e4 c6 2. d4 d5 3. Nc3 dxe4 4. Nxe4 Bf5 5. Ng3 Bg6 6. Nf3 Nd7 7. h4 h6 8. h5 Bh7 9. Bd3 Bxd3 10. Qxd3 Ngf6 11. Bd2 e6 12. 0-0-0 Qc7 13. c4 Bd6 14. Ne4 Nxe4 15. Qxe4 Nf6 16. Qe2 0-0-0 17. Bc3 c5 18. Kb1 cxd4 19. Nxd4 Bc5 20. Nb3 Rxd1+ 21. Rxd1 Rd8 22. Rxd8+ Kxd8 23. Qd2+ Ke8 24. Bxf6 gxf6 25. Qxh6 Qe5 26. Nxc5 Qxc5 27. Qf4 Qxh5 28. Qb8+ Ke7 29. Qxb7+ Kf8 30. Qf3 Qe5 31. Kc2 Qd4 32. b3 a5 33. a4 Qa1 34. Qc3 Qf1 35. Qxa5 Qxf2+ 36. Qd2 Qf5+ 37. Kc3 Qa5+ 38. Kc2 Qf5+ 39. Kc3 Qa5+ 40. Kd3 Qf5+ 41. Ke2 Qe4+ 42. Kf2 Qf5+ 43. Ke2 Qe4+ 1/2-1/2